000
00250nam a22001217a 4500
008
170619b xxu||||| |||| 00| 0 eng d
041
_a
eng
080
_a
94
100
_a
18
101
_a
SHH
245
_a
THE WAR TRAP
_c
BRUCE.B
942
_2
udc
_c
BK
999
_c
18105
_d
18105